Horizontal and seasonal patterns of tropical zooplankton from the eutrophic Prado Reservoir (Colombia) (Registro nro. 13641)

Detalles MARC
000 -CABECERA
Campo de control 005360000a22001690004500
090 ## - CLASIFICACIÓN LOCAL
Colección AR
Consecutivo 04541
041 0# - IDIOMA
Código de idioma para texto/pista de sonido o título separado
100 1# - ASIENTO PRINCIPAL--NOMBRE PERSONAL
Nombre personal Guevara, Giovany
245 10 - MENCION DE TITULO
Título Horizontal and seasonal patterns of tropical zooplankton from the eutrophic Prado Reservoir (Colombia)
650 14 - ASIENTO SECUNDARIO DE MATERIA - TERMINO TEMATICO
Término temático o nombre geográfico como elemento de entrada Zooplancton
651 #4 - ASIENTO SECUNDARIO DE MATERIA - NOMBRE GEOGRAFICO
-- Tolima
-- Reserva de Prado
700 1# - ASIENTO SECUNDARIO - NOMBRE PERSONAL
Nombre personal Lozano, Paola
700 1# - ASIENTO SECUNDARIO - NOMBRE PERSONAL
Nombre personal Reinoso, Gladys
700 1# - ASIENTO SECUNDARIO - NOMBRE PERSONAL
Nombre personal Villa, Francisco
773 1# - Item fuente:
Título Limnológica
Paginas del Articulo 128-139
Lugar, editorial y fecha de publicación 2009
Información sobre la relación 39
942 ## - ELEMENTOS ADICIONALES (KOHA)
Tipo de ítem Artículo
Existencias
Withdrawn status Lost status Damaged status No para préstamo Colección Ubicación Permanente Ubicación actual Fecha de adquisición Fuente de Valor Datos de publicación Seriada Total Checkouts Número topográfico Inventario / Código de Barras Date last seen Ejemplar Price effective from Forma de adquisición Tipo de material
      No para Préstamo Hemeroteca Bogotá Bogotá 10/11/2009 PUJ Fuera de circulación   AR 04541 027720 25/03/2015 1 25/03/2015   Artículo